Таксономия рекурсивных зависимостей; Молодежь и современные информационные технологии

Detaylı Bibliyografya
Parent link:Молодежь и современные информационные технологии.— 2005.— С. 137-138
Yazar: Соколова В. В. Вероника Валерьевна
Diğer Yazarlar: Новосельцев В. Б. Виталий Борисович
Dil:Rusça
Baskı/Yayın Bilgisi: 2005
Konular:
Materyal Türü: MixedMaterials Kitap Bölümü
KOHA link:https://koha.lib.tpu.ru/cgi-bin/koha/opac-detail.pl?biblionumber=143890

MARC

LEADER 00000naa2a2200000 4500
001 143890
005 20240206161438.0
035 |a (RuTPU)RU\TPU\book\155949 
090 |a 143890 
100 |a 20080925d2005 k y0rusy50 ca 
101 0 |a rus 
102 |a RU 
200 1 |a Таксономия рекурсивных зависимостей  |f В. В. Соколова, В. Б. Новосельцев 
320 |a Библиогр.: 3 назв. 
463 0 |0 (RuTPU)RU\TPU\book\118408  |t Молодежь и современные информационные технологии  |o сборник трудов III Всероссийской научно-практической конференции студентов, г. Томск, 15 февраля - 17 февраля 2005 г.  |f Томский политехнический университет  |v С. 137-138  |d 2005  |p 284 с. 
610 1 |a моделирование 
610 1 |a диаграммы 
610 1 |a базы данны 
610 1 |a реляционные базы данных 
610 1 |a рекурсивные зависимости 
610 1 |a таксономия 
610 1 |a труды учёных ТПУ 
700 1 |a Соколова  |b В. В.  |c специалист в области информатики и вычислительной техники  |c доцент Томского политехнического университета, кандидат технических наук  |f 1977-  |g Вероника Валерьевна  |3 (RuTPU)RU\TPU\pers\27798  |9 12846 
701 1 |a Новосельцев  |b В. Б.  |c специалист в области искусственного интеллекта  |c профессор Томского политехнического университета, доктор физико-математических наук  |f 1955-  |g Виталий Борисович  |3 (RuTPU)RU\TPU\pers\25404  |4 070 
801 1 |a RU  |b 63413507  |c 20080925  |g PSBO 
801 2 |a RU  |b 63413507  |c 20131002  |g RCR 
942 |c BK